Statistiques concernant Pays d'Afrique sans A

Cliquez ici pour prendre le quiz!

Statistiques générales

  • Ce quiz a été pris 321 fois
  • Le résultat moyen est 13 sur 16

Statistiques - réponses

Réponses% Correct
Égypte
95%
République du Congo
91%
Tunisie
88%
Érythrée
85%
Togo
84%
Libye
83%
Guinée
82%
Niger
81%
Bénin
79%
Lesotho
79%
Éthiopie
76%
Djibouti
75%
Côte d'Ivoire
73%
Comores
71%
Burundi
70%
Seychelles
63%

Distribution des résultats

Percentile par nombre de réponses

% des personnes avec chaque résultat

Votre développement - résultats

Vous n’avez pas pris ce quiz